| 000 | 00749nam a22001217a 4500 | ||
|---|---|---|---|
| 040 | _cRUA | ||
| 082 | _aVEM CHO 2025 B705 Or.1 | ||
| 100 | _aCHORK SREYKA, ចក់ ស្រីកា | ||
| 245 | _a Case Of Antibiotics Resistant Of Escherichia Coli. Isolated From Feline At Animal Clinic In Sangkat Teuk Laok2, Khan Toul Kork, Phnom Penh,ករណី Escherichia Coli. ស៊ាំនឹងឳសថអង់ទីប៊ីយ៉ូទិកលើពិឡារ នៅគ្លីនិកសត្វ ក្នុងសង្កាត់ទឹកល្អក់២ ខណ្ឌទួលគោគ រាជធានីភ្នំពេញ | ||
| 260 |
_aPHNOM PENH _bRUA _c2025 |
||
| 300 |
_aix, 34p. _bill. _c29cm. |
||
| 942 | _cសារណាបទ | ||
| 999 |
_c25581 _d25581 |
||